Die Fledermaus The bat = La chauve-souris
Αποθηκεύτηκε σε:
| Κύριος συγγραφέας: | |
|---|---|
| Συλλογικό Έργο: | , |
| Άλλοι συγγραφείς: | , , , , , , , , , |
| Μορφή: | CD Ηχητικό |
| Γλώσσα: | German |
| Δημοσίευση: |
[Germany] :
Noxos,
1993
|
| Σειρά: | Opera classics
|
| Θέματα: | |
| Ετικέτες: |
Προσθήκη ετικέτας
Δεν υπάρχουν, Καταχωρήστε ετικέτα πρώτοι!
|
MARC
| LEADER | 00000njm a2200000 i 4500 | ||
|---|---|---|---|
| 001 | 1/73103 | ||
| 007 | sd fs gn m ed | ||
| 008 | 050310s1993 ge ger d | ||
| 028 | 0 | 1 | |a 8.660017-18 |
| 035 | |l 10077002 | ||
| 040 | |a GR-MY-UA |b gre |e aacr | ||
| 041 | 0 | |a ger |g eng |g ger | |
| 082 | 0 | |a 782.12 |2 (21η εκδ.) | |
| 100 | 1 | |a Strauss, Johann |d 1825-1899. | |
| 245 | 1 | 4 | |a Die Fledermaus |h [ηχογράφηση] = |b The bat = La chauve-souris / |c J. Strauss JR. ; [conductor] Johannes Wildner ; Bratislava City Chorus ; Czecho-Slovak Radio Symphony Orchestra (Bratislava) |
| 246 | 2 | 1 | |a The bat |
| 246 | 2 | 1 | |a La chauve-souris |
| 260 | |a [Germany] : |b Noxos, |c 1993 | ||
| 300 | |a 2 δίσκοι CD (140 λ.); |c 4 3/4 ίν.+ |e 1 σύνοψη | ||
| 490 | 1 | |a Opera classics | |
| 500 | |a Η σύνοψη στα γερμανικά και αγγλικά | ||
| 500 | |a Οπερέττα σε τρεις πράξεις | ||
| 508 | |a libretto Henri Meilhac & Ludovic Halevy ; dialogues Andrea Schwarz | ||
| 511 | |a Gabriele Fontana ; Josef Hopferwieser ; John Dickie ; Brigitte Karwautz ; Rohangiz Yachmi-Caucig ; Andrea Martin ; Alfred Werner ; Erich Wessner ; Hans Krammer ; Ariane Calix ; Adrian E. Hollander | ||
| 650 | 0 | 0 | |a Operetta. |
| 700 | 1 | |a Wildner, Johannes |d 1956- |4 cnd | |
| 700 | 1 | |a Meilhac, Henri |d 1831-1897. |4 lbt | |
| 700 | 1 | |a Halevy, Ludovic |d 1834-1908. |4 lbt | |
| 700 | 1 | |a Fonatana, Gabriele. |4 prf | |
| 700 | 1 | |a Hopferwieser, Josef. |4 prf | |
| 700 | 1 | |a Dickie, John |d 1953- |4 prf | |
| 700 | 1 | |a Karwautz, Briditte. |4 prf | |
| 700 | 1 | |a Martin, Andrea |d 1949- |4 prf | |
| 700 | 1 | |a Yachmi, Rohangiz |d 1940- |4 prf | |
| 700 | 1 | |a Werner, Alfred. |4 prf | |
| 710 | 2 | |a Symfonicku orchester Cs. |b rozhlasu v Bratislave. | |
| 710 | 2 | |a Bratislava City Chorus. | |
| 830 | 0 | |a Opera classics | |
| 852 | |a INST |b RHODES |c AV |e 20050310 |h 782.12 STR |p 005400013053 |q 005400013053 |t CD |y 23 |z ??? | ||
| 852 | |a INST |b RHODES |c AV |e 20050310 |h 782.12 STR |p 005400023651 |q 005400023651 |t CD |y 23 |z cd.2 | ||
| 852 | |a INST |b RHODES |c AV |e 20050310 |h 782.12 STR |p 005400023652 |q 005400023652 |t CD |y 23 |z cd.1 | ||
| 852 | |a INST |b RHODES |c AV |e 20050310 |h 782.12 STR |p 005400013053 |q 005400013053 |t CD |v (Unknown.)???: |y 23 |z ??? | ||
| 852 | |a INST |b RHODES |c AV |e 20050310 |h 782.12 STR |p 005400023651 |q 005400023651 |t CD |v cd.2: |y 23 |z cd.2 | ||
| 852 | |a INST |b RHODES |c AV |e 20050310 |h 782.12 STR |p 005400023652 |q 005400023652 |t CD |v cd.1: |y 23 |z cd.1 | ||
| 853 | |a INST |b RHODES |c AV |h 782.12 STR | ||
| 901 | |a BIBL4-2005-1 | ||
| 909 | |a Ρ |b 078253 | ||
| 909 | |a Ρ |b 078254 | ||
| 909 | |a Ρ |b 078252 | ||
| 922 | |a 4ΕΛΗ |b 199502 |c ΒΙΒΛΙΟΘΗΚΗ | ||
| 970 | |a ΣΜΠΙΛΗ |b ΕΛΕΝΗ |z 2005/03/10 | ||